Geography Quiz

Random Geography or City Quiz

Tallest Building Cities (US) Quiz Stats

 Plays Quiz Updated Sep 14, 2018

Challenge
Share
Tweet
Embed
Score 0/23 Timer 03:00
2 Plays Today
Buildings City % Correct
44New York
99.7%
19Chicago
97%
8Los Angeles
94.2%
5Dallas
87.4%
10Houston
85.8%
4Seattle
85.8%
2Miami
85.4%
2Boston
85.3%
2San Francisco
85.2%
5Philadelphia
77.7%
5Atlanta
72.9%
1Detroit
70.1%
Buildings City % Correct
2Denver
60.6%
2Cleveland
58.1%
1Las Vegas
57.2%
2Pittsburgh
57.1%
3Minneapolis
54.7%
1Indianapolis
47.3%
2Charlotte
40%
1Oklahoma City
36%
1Jersey City
14.7%
1Atlantic City
8.2%
1Mobile
7%

You're not logged in!

Compare scores with friends on all Sporcle quizzes.
OR
Log In

You Might Also Like...

Show Comments

Extras

Top Quizzes Today


Score Distribution

Your Account Isn't Verified!

In order to create a playlist on Sporcle, you need to verify the email address you used during registration. Go to your Sporcle Settings to finish the process.

Report this User

Report this user for behavior that violates our Community Guidelines.

Details: